000 00518cam a2200157 4500500
005 20251228090811.0
041 _afre
042 _adc
100 1 0 _aFaguer, Nicolas
_eauthor
700 1 0 _aCaradec, Jean-Yves
_eauthor
245 0 0 _aPages de début
260 _c2017.
500 _a25
786 0 _nBulletin de l’Amitié Charles Péguy | 159 | 3 | 2017-04-18 | p. 194-194 | 0180-8567
856 4 1 _uhttps://shs.cairn.info/revue-bulletin-de-lamitie-charles-peguy-2017-3-page-194?lang=fr&redirect-ssocas=7080
999 _c1602730
_d1602730